<?xml version="1.0" encoding="UTF-8"?>
<record
    xmlns:xsi="http://www.w3.org/2001/XMLSchema-instance"
    xsi:schemaLocation="http://www.loc.gov/MARC21/slim http://www.loc.gov/standards/marcxml/schema/MARC21slim.xsd"
    xmlns="http://www.loc.gov/MARC21/slim">

  <leader>00867nam a2200241ma 4500</leader>
  <controlfield tag="001">000014414</controlfield>
  <controlfield tag="003">UkOxU</controlfield>
  <controlfield tag="005">20200929163841.0</controlfield>
  <controlfield tag="008">860101s1941    xx            000 0 spa d</controlfield>
  <datafield tag="035" ind1=" " ind2=" ">
    <subfield code="a">OCLC ocm03373612 from D960216M</subfield>
  </datafield>
  <datafield tag="040" ind1=" " ind2=" ">
    <subfield code="a">DO-SdBNP</subfield>
    <subfield code="c">TOL</subfield>
    <subfield code="d">DZM</subfield>
    <subfield code="d">EQO</subfield>
  </datafield>
  <datafield tag="050" ind1=" " ind2="0">
    <subfield code="a">PA51</subfield>
    <subfield code="b">.K84 1941</subfield>
  </datafield>
  <datafield tag="082" ind1=" " ind2=" ">
    <subfield code="a">D0503585876</subfield>
  </datafield>
  <datafield tag="100" ind1="1" ind2=" ">
    <subfield code="a">Kroll, Wilhelm,</subfield>
    <subfield code="d">1869-1939.</subfield>
    <subfield code="9">32522</subfield>
  </datafield>
  <datafield tag="245" ind1="1" ind2="0">
    <subfield code="a">Historia de la filolog&#xED;a cl&#xE1;sica. /</subfield>
    <subfield code="c">Tr. y ampliada por Pascual Galindo Romeo.</subfield>
  </datafield>
  <datafield tag="250" ind1=" " ind2=" ">
    <subfield code="a">2. ed</subfield>
  </datafield>
  <datafield tag="260" ind1=" " ind2=" ">
    <subfield code="a">Barcelona :</subfield>
    <subfield code="b">Editorial Labor,</subfield>
    <subfield code="c">[1941].</subfield>
  </datafield>
  <datafield tag="300" ind1=" " ind2=" ">
    <subfield code="a">188 p. :</subfield>
    <subfield code="b">ilus., ports. ;</subfield>
    <subfield code="c">19 cm.</subfield>
  </datafield>
  <datafield tag="440" ind1=" " ind2="0">
    <subfield code="a">Colecci&#xF3;n Labor.</subfield>
    <subfield code="n">Secci&#xF3;n III,</subfield>
    <subfield code="p">Ciencias literarias</subfield>
    <subfield code="9">32523</subfield>
  </datafield>
  <datafield tag="650" ind1=" " ind2="0">
    <subfield code="a">Classical philology</subfield>
    <subfield code="x">History</subfield>
    <subfield code="9">32524</subfield>
  </datafield>
  <datafield tag="852" ind1=" " ind2=" ">
    <subfield code="7">14676005</subfield>
    <subfield code="y">In place</subfield>
    <subfield code="5">503585877</subfield>
  </datafield>
  <datafield tag="910" ind1=" " ind2=" ">
    <subfield code="a">Catalogaci&#xF3;n derivada</subfield>
  </datafield>
  <datafield tag="952" ind1=" " ind2=" ">
    <subfield code="0">0</subfield>
    <subfield code="1">0</subfield>
    <subfield code="5">0</subfield>
    <subfield code="7">1</subfield>
    <subfield code="8">MO</subfield>
    <subfield code="a">GR</subfield>
    <subfield code="b">GR</subfield>
    <subfield code="c">CT</subfield>
    <subfield code="d">2009-12-14</subfield>
    <subfield code="i">LF1</subfield>
    <subfield code="l">0</subfield>
    <subfield code="o">D0503585876 </subfield>
    <subfield code="p">14414-30</subfield>
    <subfield code="r">2020-06-25</subfield>
    <subfield code="w">2020-06-25</subfield>
    <subfield code="y">1</subfield>
    <subfield code="Z">No se presta</subfield>
  </datafield>
  <datafield tag="999" ind1=" " ind2=" ">
    <subfield code="c">14005</subfield>
    <subfield code="d">14005</subfield>
  </datafield>
</record>
